UK Towns Quiz - Kent - Extreme - Statistics

General Stats
  • This quiz has been taken 501 times
  • The average score is 37 of 149
Answer Stats
Clue Population Name of Town % Correct
M 109,490 Maidstone
93%
D 36,363 Dover
92%
C 55,087 Canterbury
91%
G 108,483 Gillingham
87%
A 2,533 Ash
84%
M 63,322 Margate
84%
A 82,164 Ashford
82%
R 67,274 Rochester
76%
R 42,027 Ramsgate
75%
R 51,232 Royal Tunbridge Wells
75%
F 51,991 Folkestone
73%
C 76,983 Chatham
72%
D 69,134 Dartford
69%
D 28,992 Deal
69%
T 36,115 Tonbridge
68%
F 1,434 Five Oak Green
67%
G 58,102 Gravesend
66%
S 54,392 Sittingbourne
61%
F 20,936 Faversham
59%
W 32,196 Whitstable
58%
H 14,872 Herne
56%
S 4,260 Sandwich
54%
B 25,765 Broadstairs
52%
H 14,604 Hythe
46%
H 24,875 Herne Bay
41%
R 1,295 Rough Common
41%
S 13,249 Sheerness
40%
W 4,256 West Malling
40%
M 16,738 | 4,743 Minster
37%
B 4,710 Borough Green
36%
N 29,890 Northfleet
36%
S 26,479 Sevenoaks
35%
T 7,764 Tenterden
35%
N 3,870 New Romney
34%
S 17,213 Swanley
34%
P 7,611 Paddock Wood
31%
E 2,989 Ebbsfleet Valley
30%
S 11,825 Snodland
29%
C 3,572 Chartham
28%
D 3,097 Dymchurch
28%
E 7,902 Edenbridge
28%
S 6,178 Staplehurst
28%
S 4,861 Sturry
26%
B 8,353 Bearsted
25%
C 3,963 Cranbrook
25%
W 3,389 Westerham
25%
H 3,299 Headcorn
24%
L 3,912 Lydd
24%
B 1,633 Bean
22%
C 2,691 Cliffe Woods
22%
K 9,966 Kings Hill
22%
O 7,336 Otford
22%
C 2,169 Charing
21%
L 4,760 Lenham
21%
Q 3,918 Queenborough
21%
M 3,488 Marden
20%
M 4,349 Meopham
20%
S 15,457 Swanscombe
20%
W 2,063 Wye
20%
Y 1,549 Yalding
20%
A 5,787 Aylesham
19%
B 1,326 Blean
19%
C 2,526 Cliffe
19%
L 26,159 Larkfield
19%
L 1,071 Lympne
19%
S 9,631 Southborough
19%
B 1,345 Biddenden
18%
G 1,105 Goudhurst
18%
H 2,644 Higham
18%
L 16,083 Longfield
18%
H 2,927 Halling
17%
I 2,036 Ightham
17%
S 2,966 St Marys Bay
17%
W 2,249 Wateringbury
17%
W 1,960 Wrotham
17%
C 8,456 Coxheath
16%
C 3,037 Cuxton
16%
H 3,683 Hawkhurst
16%
H 4,944 Hildenborough
16%
N 2,684 Newington
16%
S 2,401 St Margarets at Cliffe
16%
S 6,435 Stone
16%
T 3,126 Teynham
16%
W 4,310 West Kingsdown
16%
P 5,784 Pembury
15%
E 1,675 Eynsford
14%
H 3,166 Hadlow
14%
H 8,497 Hawkinge
14%
B 2,273 Boughton Under Blean
13%
G 1,730 Grain
13%
I 4,533 Iwade
13%
W 6,508 Whitfield
13%
E 2,147 East Peckham
12%
H 1,739 Hamstreet
12%
L 1,106 Leigh
12%
W 1,311 Wingham
12%
D 2,584 Darenth
11%
I 3,401 Istead Rise
11%
S 4,091 South Darenth
11%
A 1,683 Allhallows-on-Sea
10%
B 1,406 Benenden
10%
C 1,959 Capel-le-Ferne
10%
D 3,239 Dunton Green
10%
E 3,379 Eastchurch
10%
F 1,277 Farningham
10%
H 1,822 High Halstow
10%
H 8,759 Hoo St Werburgh
10%
L 1,211 Lower Halstow
10%
S 1,461 Sutton Valence
10%
V 2,005 Vigo Village
10%
B 1,538 Bridge
9%
K 1,692 Kingsdown
9%
L 1,603 Littlebourne
9%
L 1,916 Lyminge
9%
R 7,783 Rusthall
9%
S 1,623 Seal
9%
S 1,036 Shorne
9%
W 1,197 Woodchurch
9%
A 1,280 Aldington
8%
B 1,004 Bethersden
8%
B 1,292 Burham
8%
C 1,089 Challock
8%
C 1,282 Cliffs End
8%
E 2,384 Eastry
8%
E 1,706 Eccles
8%
H 4,094 Hextable
8%
H 1,581 Horsmonden
8%
K 1,370 Kingswood
8%
L 5,267 Littlestone-on-Sea
8%
S 1,194 Sundridge
8%
U 1,726 Upchurch
8%
B 1,480 Brabourne Lees
7%
H 2,119 Hersden
7%
P 1,133 Plaxtol
7%
E 1,487 Eythorne
6%
G 1,683 Guston
6%
H 1,245 Horton Kirby
6%
S 1,009 Shadoxhurst
6%
W 1,818 Warden
6%
H 4,388 Halfway Houses
5%
H 1,386 Hawley
5%
J 4,913 Joyden Wood
5%
C 2,420 Chattenden
4%
C 1,570 Crockenhill
4%
C 2,040 Culverstone Green
4%
F 1,570 Finberry
4%
M 1,271 Marlpit Hill
3%
S 1,622 Sibertswold
3%
No matching quizzes found
Score Distribution
Percent of People with Each Score
Percentile by Number Answered
Your Score History
You have not taken this quiz